Cultura Geral - Statistics

Estatísticas Gerais
  • Esse quiz foi jogado 19 vezes
  • A pontuação média é 7 de 15
Estatísticas das Respostas
Hint Resposta % Correto
Se você nasceu em 1º de agosto, qual é o seu signo? Leão
94%
Que cidade sediou as primeiras olimpíadas modernas em 1896? Atenas
88%
Em que ano o Reino Unido deixou a União Europeia? 2021
82%
Qual país produz mais filmes a cada ano? Índia
76%
Sem incluir territórios externos, qual é o país mais ao sul do mundo? Chile
71%
Em 2021 quem venceu a Liga dos Campeões da UEFA? Chelsea
65%
Que cantora brasileira morreu em Novembro de 2021? Marília Mendonça
65%
No Super Mario Brothers original, quem é o inimigo de Mario? Bowser
35%
Qual concurso internacional de música foi vencido pelos ABBA e Celine Dion? Eurovisão
24%
Durante as filmagens do filme Rust, em New Mexico, que ator disparou uma arma de fogo verdadeira e acaba matando acidentalmente a diretora de fotografia Halyna Hutchins? Alec Baldwin
18%
Em que país aconteceu o filme "Mad Max"? Austrália
18%
Que duque morreu em Abril de 2021? Filipe
12%
Em que país podemos encontrar Amalfi? Itália
12%
Que marco também é conhecido como Ayers Rock? Uluru
12%
O que faz um mixologista? Cocktails
0%
Nenhum quiz correspondente encontrado
Distribuição das Pontuações
Porcentagem de Pessoas com Cada Pontuação
Percentil de Números Respondidos
Sua Pontuação Histórica
Você não jogou esse quiz